000 00757nam a2200253Ia 4500
003 OSt
005 20220925205433.0
006 a|||||r|||| 00| 0
007 ta
008 220923b |||||||| |||| 00| 0 eng d
020 _a3790815837
037 _cGeneral Book
040 _aRTL
_cRTL
_beng
041 _2eng
_aeng
082 _aX:521-8b4, P5
100 _aKotzab HERBERT, etc Ed.
_9270221
245 0 _aResearch methodologies in supply chain management
260 _aHeidelberg
_bPhysica-Verlag
_c2005
300 _axi;619p
_ccm.
500 _aBibliography chapterwise
650 _aSupply Chain Management Economics
_9238972
942 _hX:521-8b4, P5
_cGB
_2CC
999 _c552161
_d552161